| 000 | 00609nam a22002057a 4500 | ||
|---|---|---|---|
| 003 | OSt | ||
| 005 | 20160229130411.0 | ||
| 008 | 130213t xxu||||| |||| 00| 0 eng d | ||
| 020 | _a9780750678971 | ||
| 050 |
_aG 155.A1 _b.R377 2009 |
||
| 100 | _aReisinger, Yvette. | ||
| 245 |
_aInternational tourism : _bcultures and behavior / _cYvette Reisinger. |
||
| 260 |
_aAmsterdam : _bElsevier Inc., _c2009. |
||
| 300 |
_a429 pages : _billustrations ; _c23 cm. |
||
| 500 | _aIncludes bibliographical references and index. | ||
| 650 | _aTourism. | ||
| 942 |
_2lcc _cBK _kFOR |
||
| 999 |
_c15943 _d15943 |
||